[Event "Ruhrgebiet Verbandsklasse Gruppe 2 1819"]
[Site "Nordrheinwestfalen"]
[Date "2018.09.23"]
[Round "1.7"]
[White "Boecker, Juergen"]
[Black "Rotter, Christian"]
[Result "1/2-1/2"]
[WhiteElo "1755"]
[BlackElo "1711"]
[PlyCount "46"]
[EventDate "2018.09.23"]
[EventType "team-tourn"]
[EventRounds "9"]
[EventCountry "GER"]
[SourceTitle "EXT 2022"]
[Source "ChessBase"]
[SourceDate "2021.10.06"]
[SourceVersion "1"]
[SourceVersionDate "2021.10.06"]
[SourceQuality "1"]
[WhiteTeam "Oberhausen SW"]
[BlackTeam "Kamen SV II"]
[WhiteTeamCountry "GER"]
[BlackTeamCountry "GER"]

1. e4 e6 2. d4 d5 3. Nc3 Nf6 4. Bg5 dxe4 5. Nxe4 Be7 6. Bxf6 Bxf6 7. Nf3 Nc6 8. Bb5 Bd7 9. c3 a6 10. Bd3 h6 11. 0-0 Na7 12. Re1 Bc6 13. a4 g6 14. Qe2 Bg7 15. Ne5 0-0 16. Nxc6 Nxc6 17. a5 Ne7 18. Nc5 Nd5 19. Nxe6 fxe6 20. Qxe6+ Kh7 21. Qxg6+ Kg8 22. Qh7+ Kf7 23. Qg6+ Kg8 1/2-1/2

[Event "Ruhrgebiet Bezirksliga 16/17"]
[Site "Ruhrgebiet"]
[Date "2017.03.05"]
[Round "9.4"]
[White "Rotter, Christian"]
[Black "Przybela, Josef Franz"]
[Result "0-1"]
[WhiteElo "1609"]
[BlackElo "1668"]
[PlyCount "38"]
[EventDate "2016.08.28"]
[EventType "team-tourn"]
[EventRounds "11"]
[EventCountry "GER"]
[SourceTitle "EXT 2022"]
[Source "ChessBase"]
[SourceDate "2021.10.06"]
[SourceVersion "1"]
[SourceVersionDate "2021.10.06"]
[SourceQuality "1"]
[WhiteTeam "Kamen SV III"]
[BlackTeam "Hamm Koenigsspringer II"]
[WhiteTeamCountry "GER"]
[BlackTeamCountry "GER"]

1. b3 e5 2. Bb2 d6 3. g3 g6 4. Bg2 Bg7 5. Nf3 Ne7 6. d3 0-0 7. e4 Nbc6 8. 0-0 f5 9. Nbd2 Rb8 10. Qc1 fxe4 11. Nxe4 Nf5 12. Neg5 h6 13. Ne4 Be6 14. c3 b6 15. c4 a5 16. a3 Qd7 17. Nfd2 Nfd4 18. Bxd4 Nxd4 19. b4 Ne2+ 0-1

[Event "Ruhrgebiet Bezirksliga 15/16"]
[Site "Ruhrgebiet"]
[Date "2016.01.31"]
[Round "7.4"]
[White "Rotter, Christian"]
[Black "Schreiber, Alfred"]
[Result "1/2-1/2"]
[WhiteElo "1586"]
[BlackElo "1778"]
[PlyCount "27"]
[EventDate "2015.08.30"]
[EventType "team-tourn"]
[EventRounds "9"]
[EventCountry "GER"]
[SourceTitle "EXT 2022"]
[Source "ChessBase"]
[SourceDate "2021.10.06"]
[SourceVersion "1"]
[SourceVersionDate "2021.10.06"]
[SourceQuality "1"]
[WhiteTeam "Kamen SV IV"]
[BlackTeam "Werne SK"]
[WhiteTeamCountry "GER"]
[BlackTeamCountry "GER"]

1. b3 c5 2. Bb2 b6 3. e4 Nc6 4. Nc3 e5 5. Nf3 d6 6. Bc4 Be7 7. Nd5 Nd4 8. Nxd4 cxd4 9. Qh5 Nh6 10. Nxe7 Qxe7 11. h3 Be6 12. Bb5+ Bd7 13. Bc4 Be6 14. Bb5+ 1/2-1/2

[Event "Ruhrgebiet Bezirksliga 15/16"]
[Site "Ruhrgebiet"]
[Date "2015.10.25"]
[Round "3.4"]
[White "Rotter, Christian"]
[Black "Romstadt, Dirk"]
[Result "0-1"]
[WhiteElo "1586"]
[BlackElo "1674"]
[PlyCount "126"]
[EventDate "2015.08.30"]
[EventType "team-tourn"]
[EventRounds "9"]
[EventCountry "GER"]
[SourceTitle "EXT 2022"]
[Source "ChessBase"]
[SourceDate "2021.10.06"]
[SourceVersion "1"]
[SourceVersionDate "2021.10.06"]
[SourceQuality "1"]
[WhiteTeam "Kamen SV IV"]
[BlackTeam "Boenen SV II"]
[WhiteTeamCountry "GER"]
[BlackTeamCountry "GER"]

1. f4 d5 2. Nf3 c5 3. e3 Nc6 4. b3 Nf6 5. Bb2 Bf5 6. d3 e6 7. Be2 Bd6 8. h3 h6 9. Nbd2 Qc7 10. Nf1 e5 11. g4 Bd7 12. f5 e4 13. dxe4 Nxe4 14. Qxd5 Bg3+ 15. Nxg3 Qxg3+ 16. Kd1 Nf2+ 17. Kd2 Nxh1 18. Rxh1 0-0-0 19. Kc1 Qf2 20. Bd3 Qxe3+ 21. Kb1 Nb4 22. Qe4 Rhe8 23. Ne5 Qxe4 24. Bxe4 f6 25. Nxd7 Rxd7 26. Bf3 Rd2 27. Bc3 Rf2 28. Bd1 Nd5 29. Be1 Rf4 30. c4 Nb4 31. a3 Nc6 32. Bg3 Rfe4 33. Bc2 R4e7 34. Rh2 Nd4 35. Bd1 b6 36. Bf2 a6 37. b4 Rd8 38. Rh1 cxb4 39. axb4 Rc7 40. b5 a5 41. Bxd4 Rxd4 42. Bb3 Re7 43. Rc1 Kb7 44. Bd1 Re3 45. h4 Ka7 46. h5 Rd2 47. Bc2 Kb7 48. Kb2 Ree2 49. Kc3 Rxc2+ 50. Rxc2 Rxc2+ 51. Kxc2 Kc7 52. Kc3 Kd6 53. Kd4 a4 54. c5+ bxc5+ 55. Kc4 Kc7 56. Kc3 Kb6 57. Kc4 a3 58. Kb3 Kxb5 59. Kxa3 Kc4 60. Kb2 Kd3 61. Kc1 Kc3 62. Kb1 Kd2 63. Kb2 c4 0-1

[Event "Erbendorf op"]
[Site "Erbendorf"]
[Date "2009.06.11"]
[Round "2"]
[White "Groschwitz, Tobias"]
[Black "Rotter, Christian"]
[Result "0-1"]
[WhiteElo "1274"]
[BlackElo "1811"]
[PlyCount "72"]
[EventDate "2009.06.11"]
[EventType "swiss"]
[EventRounds "7"]
[EventCountry "GER"]
[SourceTitle "CBM 130 Extra"]
[Source "ChessBase"]
[SourceDate "2009.07.02"]
[SourceVersion "2"]
[SourceVersionDate "2009.07.15"]
[SourceQuality "1"]

1. d4 d5 2. c4 e6 3. Nc3 Nf6 4. Bg5 Nbd7 5. e3 c6 6. Nf3 Be7 7. Qc2 0-0 8. Bd3 b6 9. 0-0 Bb7 10. Ne5 h6 11. Nxd7 Qxd7 12. Bh4 Rac8 13. b3 c5 14. Rae1 dxc4 15. bxc4 cxd4 16. exd4 Qxd4 17. Bxf6 Bxf6 18. Nb5 Qd7 19. Rd1 Qe7 20. Nxa7 Rc5 21. Nb5 Rg5 22. f3 Bc6 23. a4 Rc8 24. Kh1 Bxb5 25. axb5 Qc7 26. Rd2 Rh5 27. g4 Rc5 28. Kg2 Qf4 29. Rfd1 Kf8 30. Qb3 Be5 31. Be4 Qxh2+ 32. Kf1 Qh4 33. Qa3 Bf6 34. Rd7 Qh1+ 35. Ke2 Qg2+ 36. Ke1 Bg5 0-1

[Event "Oberpfalz-ch M2"]
[Site "Kareth Lappersdorf"]
[Date "2008.03.17"]
[Round "6"]
[White "Rotter, Christian"]
[Black "Gleis, Wolfgang"]
[Result "1/2-1/2"]
[WhiteElo "1794"]
[BlackElo "1713"]
[PlyCount "20"]
[EventDate "2008.03.15"]
[EventType "swiss"]
[EventRounds "8"]
[EventCountry "GER"]
[SourceTitle "EXT 2022"]
[Source "ChessBase"]
[SourceDate "2021.10.06"]
[SourceVersion "1"]
[SourceVersionDate "2021.10.06"]
[SourceQuality "1"]

1. d4 d5 2. c4 e6 3. cxd5 exd5 4. Nf3 Nf6 5. Nc3 c6 6. Bg5 Be7 7. e3 Bg4 8. Be2 Nbd7 9. 0-0 0-0 10. Qb3 Qb6 1/2-1/2

[Event "Moehnesee Cup-B"]
[Site "Moehnesee"]
[Date "2005.08.19"]
[Round "3"]
[White "Rotter, Christian"]
[Black "Kelbling, Ralph"]
[Result "0-1"]
[WhiteElo "1408"]
[BlackElo "1711"]
[PlyCount "74"]
[EventDate "2005.08.18"]
[EventType "swiss"]
[EventRounds "7"]
[EventCountry "GER"]
[SourceTitle "CBM 108 Extra"]
[Source "ChessBase"]
[SourceDate "2005.11.04"]
[SourceVersion "1"]
[SourceVersionDate "2005.11.04"]
[SourceQuality "1"]

1. Nf3 c5 2. g3 Nc6 3. Bg2 e5 4. d3 g6 5. 0-0 Bg7 6. Nbd2 Nge7 7. e4 0-0 8. Nc4 Qc7 9. Bg5 f6 10. Bd2 f5 11. exf5 gxf5 12. c3 d5 13. Ne3 e4 14. dxe4 fxe4 15. Ng5 h6 16. Nh3 Ne5 17. Nf4 Rxf4 18. gxf4 Nd3 19. Nc2 Nxb2 20. Qb1 Nc4 21. Qc1 Bf5 22. Ne3 Nxd2 23. Qxd2 Qxf4 24. Rfd1 Be5 25. Re1 Qxh2+ 26. Kf1 Be6 27. Qc2 Rf8 28. Re2 Bf4 29. Rd1 Bxe3 30. Rxe3 Nf5 31. Rh3 Ng3+ 32. Rxg3+ Qxg3 33. Rd2 Bh3 34. Bxh3 Qxh3+ 35. Ke1 Qh1+ 36. Ke2 Qg1 37. Qb3 Rxf2+ 0-1